Tsunami /

Bibliographic Details
Main Author: Abenshushan, Vivian, 1972- (Author)
Other Authors: Jauregui, Gabriela (Editor, contributor agent of text.)
Format: Electronic eBook
Language:Spanish
Published: Madrid, España : Sexto Piso, 2018.
Series:Sexto Piso realidades.
Subjects:
Online Access:Digitalia Hispánica

MARC

LEADER 00000nam a2200000Ii 4500
001 DIGSEXPIS0105
003 NyNyDIG
006 m o d
007 cr |||||||||||
008 230803s2018 sp o 000 0 spa d
035 |a (OCoLC)1393996877 
040 |a DGITA  |b eng  |e rda  |e pn  |c DGITA 
020 |a 9788417517083  |q eBook 
020 |z 9788417517168 
050 1 4 |a HQ1155 ebook 
245 0 0 |a Tsunami /  |c Vivian Abenshushan [and 11 others] ; edición y prólogo de Gabriela Jauregui. 
264 1 |a Madrid, España :  |b Sexto Piso,  |c 2018. 
300 |a 1 online resource. 
336 |a text  |b txt  |2 rdacontent 
337 |a computer  |b c  |2 rdamedia 
338 |a online resource  |b cr  |2 rdacarrier 
347 |a text file  |2 rdaft 
347 |b EPUB 
490 1 |a Sexto Piso realidades 
588 0 |a Online resource; title from ePub title page (Digitalia, viewed August 3, 2023) 
650 0 |a Feminism. 
650 0 |a Women's rights. 
700 1 |a Abenshushan, Vivian,  |d 1972-  |e author. 
700 1 |a Jauregui, Gabriela,  |e editor,  |e contributor agent of text. 
791 2 |a Digitalia (Firm),  |e distributor. 
793 0 |g Digitalia eBook Collection:  |a Editorial Sexto Piso 
776 0 8 |i Print version:  |t Tsunami.  |d Madrid, España : Sexto Piso, [2018]  |z 9788417517168 
830 0 |a Sexto Piso realidades. 
856 4 0 |3 Digitalia Hispánica  |u https://www.digitaliapublishing.com/a/81320/ 
910 |a Premium collection: 2023